000
00329nam a2200145Ia 4500
008
181130s2018 xx 000 0 und d
100
_a
Jyothi K.K.
245
_a
Potential of sericulture
260
_c
2018
300
_a
p.36-38.
504
_d
Apr
650
_a
Sericulture
773
_a
Kurukshetra
906
_a
Sericulture
999
_c
506571
_d
506571